| 000 | 00705pam a2200205 a 4500 | ||
|---|---|---|---|
| 020 | _a013554338X | ||
| 082 | 0 | 0 |
_a625.794 _bKEL _cN-01,P-97 |
| 100 | 1 |
_aKell, James H. _943730 |
|
| 245 | 1 | 0 |
_aManual of traffic signal design / _cJames H. Kell, Iris J. Fullerton. |
| 250 | _a2nd ed. | ||
| 260 |
_aEnglewood Cliffs, N.J. : _bPrentice Hall, _cc1991. |
||
| 300 |
_ax, 245 p. : _bill. ; _c29 cm. |
||
| 500 | _aAt head of title: Institute of Transportation Engineers. | ||
| 526 |
_a0 _b0 _c0 _d625_794000000000000_KEL |
||
| 650 | 0 |
_aMCE _9379 |
|
| 650 | 0 |
_aTraffic signs and signals. _921132 |
|
| 700 | 1 |
_aFullerton, Iris J. _943731 |
|
| 710 | 2 |
_aInstitute of Transportation Engineers. _920747 |
|
| 942 |
_2ddc _cBK |
||
| 999 |
_c547551 _d547551 |
||